The Filmography of Samuel L. Jackson - Statistics

General Stats
  • This quiz has been taken 200 times
  • The average score is 19 of 106
Answer Stats
Hint Answer % Correct
1994 Pulp Fiction
89%
2012 Marvel's The Avengers
77%
2006 Snakes on a Plane
69%
2010 Iron Man 2
67%
2012 Django Unchained
66%
1997 Jackie Brown
63%
2011 Captain America: The First Avenger
62%
1995 Die Hard with a Vengeance
54%
2002 Star Wars: Episode II - Attack of the Clones
50%
2005 Star Wars: Episode III - Revenge of the Sith
50%
2003 Kill Bill Vol. 1
48%
2004 Kill Bill Vol. 2
48%
1993 Jurassic Park
44%
1999 Star Wars: Episode 1 - The Phantom Menace
44%
2000 Unbreakable
44%
1999 Deep Blue Sea
43%
2000 Shaft
43%
1990 Goodfellas
38%
2007 Black Snake Moan
32%
2004 The Incredibles
32%
1996 A Time to Kill
30%
1996 The Long Kiss Goodnight
29%
1998 The Negotiator
28%
2005 Coach Carter
27%
1988 Coming to America
27%
1991 Jungle Fever
25%
1993 True Romance
25%
1989 Do the Right Thing
22%
2008 Lakeview Terrace
22%
2002 Changing Lanes
19%
2001 XXX
19%
2005 XXX: State of the Union
19%
2001 Formula 51
18%
1997 187
17%
2003 BASIC
16%
1990 Mo Betta Blues
16%
1993 National Lampoon's Loaded Weapon 1
16%
2003 S.W.A.T.
16%
1992 Juice
15%
2008 Jumper
15%
2010 The Other Guys
15%
2008 The Spirit
15%
2001 The Caveman's Valentine
14%
1996 The Great White Hype
14%
2000 Rules of Engagement
13%
1998 Sphere
13%
2005 The Man
13%
2007 1408
12%
1993 Amos & Andrew
12%
2007 Cleaner
12%
2010 Unthinkable
12%
1995 Kiss of Death
11%
1995 Losing Isaiah
11%
2008 Star Wars: The Clone Wars
11%
1993 Menace II Society
9%
2008 Soul Men
9%
1994 Against the Wall
8%
1997 Eve's Bayou
8%
2013 Oldboy
8%
1988 School Daze
8%
1999 The Red Violin
8%
2006 Freedomland
7%
2007 Farce of the Penguins
6%
1994 Fresh
6%
1996 Hard Eight
6%
2012 Meeting Evil
6%
1998 Out of Sight
6%
1992 Patriot Games
6%
1989 Sea of Love
6%
2013 Turbo
6%
2012 Zambezia
6%
2011 Arena
5%
2007 Resurrecting the Champ
5%
2012 The Samaritan
5%
2009 Astro Boy
4%
1990 Def by Temptation
4%
1995 Fluke
4%
2008 Gospel Hill
4%
2006 Home of the Brave
4%
2010 Mother and Child
4%
2003 No Good Deed
4%
1981 Ragtime
4%
2013 Reasonable Doubt
4%
1991 Strictly Business
4%
2011 The Sunset Limited
4%
1996 Trees Lounge
4%
2004 Twisted
4%
1992 White Sands
4%
1990 A Shock to the System
3%
1990 Betsy's Wedding
3%
1987 Eddie Murphy: Raw
3%
1992 Fathers and Sons
3%
1994 Hail Caesar
3%
2005 In My Country
3%
1992 Johnny Suede
3%
1992 Jumpin at the Boneyard
3%
1994 The New Age
3%
1990 The Return of Superfly
3%
2011 African Cats
2%
1989 Dead Man Out
2%
1994 Assault at West Point: The Court-Martial of Johnson Whitaker
1%
1993 The Meteor Man
1%
1996 The Search for One-eyed Jimmy
1%
1978 The Trial of the Moke
1%
1987 Uncle Tom's Cabin
1%
1998 John Henry
0%
No matching quizzes found
Score Distribution
Percent of People with Each Score
Percentile by Number Answered
Your Score History
You have not taken this quiz